| 000 | 01354nam a22003737a 4500 | ||
|---|---|---|---|
| 001 | 725168 | ||
| 003 | OSt | ||
| 005 | 20210426110742.0 | ||
| 008 | 980212s1998 coua b 001 0 eng | ||
| 010 | _a 98013448 | ||
| 020 | _a0813334810 (alk. paper) | ||
| 040 |
_aDLC _cDLC _dDLC _beng |
||
| 041 | _aeng | ||
| 050 | 0 | 0 |
_aHD2321 _b.S74 1998 |
| 080 |
_a94 _bS-82 |
||
| 082 | 0 | 0 |
_a338.09 _221 |
| 100 | 1 | _aStearns, Peter N. | |
| 245 | 1 | 4 |
_aThe industrial revolution in world history / _cPeter N. Stearns. _b/ by: Westview Press |
| 250 | _a2nd edition | ||
| 260 |
_aBoulder, Colo _bWestview Press _c1998. |
||
| 300 |
_axi, 260 p. : _bill. ; _c23 cm. |
||
| 440 | 0 | _aEssays in world history | |
| 504 | _aIncludes bibliographical references and index. | ||
| 650 | 0 | _aIndustrial revolution. | |
| 650 | 0 |
_aHistory _9252 |
|
| 650 | 0 | _aEconomic history. | |
| 653 | _aისტორია | ||
| 653 | _aეკონომიკური ისტორია | ||
| 856 | 4 | 2 |
_3Contributor biographical information _uhttp://www.loc.gov/catdir/enhancements/fy0831/98013448-b.html |
| 856 | 4 | 2 |
_3Publisher description _uhttp://www.loc.gov/catdir/enhancements/fy0831/98013448-d.html |
| 906 |
_a7 _bcbc _corignew _d1 _eocip _f19 _gy-gencatlg |
||
| 942 |
_2udc _cBK _e2 |
||
| 999 |
_c946 _d946 |
||